000 00905nam a2200241 i 4500
001 88205
003 ES-MaACL
005 20250815100951.0
007 t|
008 050103s1966 sp ||||1| spa d
100 1 _aLaidler, Keith J. (
_d1916-2003)
_969666
245 1 0 _aCinética de reacciones /
_cK.J. Laidler ; versión española de Fernando Gómez Herrera.
250 _a[1ª ed.].
260 _aMadrid, etc. :
_bAlhambra,
_c[1966]
300 _a2 v. ;
_c20 cm.
490 1 _aExedra. Ciencia, Técnica, Ingeniería ;
_v3-4
505 8 _aContiene: I. Reacciones homogéneas en fase gaseosa. IX, 224 p. -- II. Reacciones en solución. IX, 135 p.
650 7 _aCinética química
_2embne
_9169044
700 1 _aGómez Herrera, Fernando.
_957980
830 0 0 _aExedra.
_pCiencia, técnica, ingeniería
_v3-4
_9231826
852 _aES-MaACL
_jP-1112
_bR.60844
999 _c88205
_d88205